| 000 | 00583nam a2200169 i 4500 | ||
|---|---|---|---|
| 001 | bg | ||
| 245 | 0 | 0 |
_aNowe narzędzia skrawające firmy Sandvik Coromant : _btoczenie - frezowanie - wiercenie - wytaczanie - systemy narzędziowe : suplement do Katalogu głównego na rok 2007. |
| 260 |
_aWarszawa : _bSandvik Polska, _c2007. |
||
| 300 |
_awiele liczb. : _brys., fot. kolor. ; _c30 cm. |
||
| 650 | 9 |
_aSkrawanie _xnarzędzia i maszyny |
|
| 655 | _aKatalogi | ||
| 040 | _cBPK | ||
| 041 | 0 | _apol | |
| 080 | _a621.9(085.2) | ||
| 942 | _cKA | ||
| 008 | s pl f |000 0 pol | ||
| 999 |
_c35199 _d35199 |
||
| 856 |
_uhttp://koha.tu.koszalin.pl/cgi-bin/koha/opac-detail.pl?biblionumber=35199 _yKatalog online BPK |
||